00707nam a2200181 a 4500003000200000005001700002008004100019050003100060100002700091245006500118260009200183300004100275504004100316650003900357650003600396650003900432650005400471020250214101123.0130828s19uu xx 00 eng d aPGS LB 1049.3 b.H557 2013 aHernando, Justin Raul. aVarsity membership and study habits /cJustin Raul Hernando. aLas Piñas City, Philippines : bSouthville International School and Colleges, c2013. a29 pages :billustrations ; c28 cm. aIncludes bibliographical references. aStudy habitsvElementary students. aStudent-athletesvStudy habits. aSchool sportsvEffect on students. aAcademic achievementvExtracurricular activities.